Applied process design for chemical and petrochemical plants. V 3 (Record no. 31938)

MARC details
000 -LEADER
fixed length control field 00306nam a2200109Ia 4500
082 ## - DEWEY DECIMAL CLASSIFICATION NUMBER
Classification number 665.71
Item number LUD.3
100 ## - MAIN ENTRY--AUTHOR NAME
Personal name Ludwig, Ernest E
245 #0 - TITLE STATEMENT
Title Applied process design for chemical and petrochemical plants. V 3
260 ## - PUBLICATION, DISTRIBUTION, ETC. (IMPRINT)
Place of publication Texas
Name of publisher Gulf
Year of publication 1965
942 ## - ADDED ENTRY ELEMENTS (KOHA)
Koha item type Books
Holdings
Withdrawn status Lost status Damaged status Not for loan Home library Current library Date acquired Cost, normal purchase price Full call number Accession Number Koha item type
        RRII Library RRII Library 16/12/2021 39.95 665.71 LUD.3 12469 Books